Gaming Quiz

Random Gaming or Blitz Quiz

Pokémon Generation I First Letter Blitz Quiz Stats

 Plays Quiz Updated Mar 14, 2019

Score 0/151 Timer 02:00
10 Plays Today
Letter Pokémon % Correct
CCaterpie
91.2%
CCharizard
91.2%
CChansey
91.2%
CCharmander
91.2%
CCharmeleon
91.2%
CClefable
91.2%
CClefairy
91.2%
CCloyster
91.2%
CCubone
91.2%
BBeedrill
90.4%
BBlastoise
90.4%
BBellsprout
90.4%
BBulbasaur
90.4%
BButterfree
90.4%
PParas
86.1%
PPonyta
86.1%
PParasect
86.1%
PPersian
86.1%
PPidgeot
86.1%
PPidgeotto
86.1%
PPidgey
86.1%
PPikachu
86.1%
PPinsir
86.1%
PPoliwag
86.1%
PPoliwhirl
86.1%
PPoliwrath
86.1%
PPorygon
86.1%
PPrimeape
86.1%
PPsyduck
86.1%
AAbra
85.3%
AAerodactyl
85.3%
AAlakazam
85.3%
AArbok
85.3%
AArcanine
85.3%
AArticuno
85.3%
MMachamp
83.5%
MMagneton
83.5%
MMachoke
83.5%
MMachop
83.5%
MMagikarp
83.5%
MMagmar
83.5%
MMagnemite
83.5%
MMankey
83.5%
MMarowak
83.5%
MMeowth
83.5%
MMetapod
83.5%
MMew
83.5%
MMewtwo
83.5%
MMoltres
83.5%
MMr. Mime
83.5%
MMuk
83.5%
Letter Pokémon % Correct
EEevee
82.4%
EEkans
82.4%
EElectabuzz
82.4%
EElectrode
82.4%
EExeggcute
82.4%
EExeggutor
82.4%
GGoldeen
80.1%
GGastly
80.1%
GGengar
80.1%
GGeodude
80.1%
GGloom
80.1%
GGolbat
80.1%
GGolduck
80.1%
GGolem
80.1%
GGraveler
80.1%
GGrowlithe
80.1%
GGrimer
80.1%
GGyarados
80.1%
DDewgong
79.6%
DDratini
79.6%
DDiglett
79.6%
DDitto
79.6%
DDodrio
79.6%
DDoduo
79.6%
DDragonair
79.6%
DDragonite
79.6%
DDrowzee
79.6%
DDugtrio
79.6%
SScyther
74.7%
SSandshrew
74.7%
SSandslash
74.7%
SSeaking
74.7%
SSeadra
74.7%
SSeel
74.7%
SShellder
74.7%
SSlowbro
74.7%
SSlowpoke
74.7%
SSnorlax
74.7%
SSpearow
74.7%
SSquirtle
74.7%
SStarmie
74.7%
SStaryu
74.7%
JJigglypuff
73.7%
JJolteon
73.7%
JJynx
73.7%
VVaporeon
69.6%
VVileplume
69.6%
VVenomoth
69.6%
VVenonat
69.6%
VVenusaur
69.6%
VVictreebel
69.6%
Letter Pokémon % Correct
VVoltorb
69.6%
VVulpix
69.6%
KKabuto
67.1%
KKadabra
67.1%
KKabutops
67.1%
KKakuna
67.1%
KKangaskhan
67.1%
KKingler
67.1%
KKoffing
67.1%
KKrabby
67.1%
RRaichu
67%
RRapidash
67%
RRaticate
67%
RRattata
67%
RRhydon
67%
RRhyhorn
67%
FFearow
65.1%
FFarfetch'd
65.1%
FFlareon
65.1%
OOddish
61.5%
OOmanyte
61.5%
OOmastar
61.5%
OOnix
61.5%
HHaunter
61%
HHitmonchan
61%
HHitmonlee
61%
HHorsea
61%
HHypno
61%
ZZapdos
59.8%
ZZubat
59.8%
NNinetales
59.4%
NNidoking
59.4%
NNidoran♂
59.4%
NNidoqueen
59.4%
NNidoran♀
59.4%
NNidorina
59.4%
NNidorino
59.4%
WWartortle
55.8%
WWeedle
55.8%
WWeepinbell
55.8%
WWeezing
55.8%
WWigglytuff
55.8%
LLapras
51.3%
LLickitung
51.3%
TTangela
44.6%
TTauros
44.6%
TTentacool
44.6%
TTentacruel
44.6%
IIvysaur
42.7%

You're not logged in!

Compare scores with friends on all Sporcle quizzes.
OR
Log In

Sporcle TV

Today on Sporcle TV


Watch our educational content, quiz creation guides, and fun videos on Sporcle TV.

Show Comments

Extras

Top Quizzes Today


Score Distribution

Your Account Isn't Verified!

In order to create a playlist on Sporcle, you need to verify the email address you used during registration. Go to your Sporcle Settings to finish the process.

Report this User

Report this user for behavior that violates our Community Guidelines.

Details: